Statistics for Top 15 Countries with Covid-19 Deaths - 12 May

Click here to take the quiz!

General Stats

  • This quiz has been taken 15 times
  • The average score is 17 of 21

Answer Stats

country% Correct
China
100%
Germany
100%
Italy
100%
Sweden
100%
Sweden
100%
United Kingdom
100%
United States
100%
Canada
93%
France
93%
Mexico
93%
Spain
93%
Brazil
86%
Netherlands
86%
Turkey
86%
Portugal
79%
Belgium
71%
Iran
64%
Ireland
64%
Denmark
57%
Switzerland
50%
Ecuador
29%

Score Distribution

Percentile by Number Answered

Percent of People with Each Score

Your Score History

You have not taken this quiz